000 00386nam a22001577a 4500
003 MPLRDC
005 20220104123752.0
008 210129b ||||| |||| 00| 0 eng d
082 _a414.8 NJZY
100 _a南京中医学院主编
245 _a中医方剂学讲义
_c
260 _a
_b医药卫生出版社
_c1973
300 _b
650 _a医话
942 _cBK
_o414.8 NJZY
999 _c14041
_d14031